Cristales míos : (Record no. 197718)

MARC details
000 -LEADER
campo de control de longitud fija 01594nam a2200361 i 4500
001 - NÚMERO DE CONTROL
campo de control 197718
003 - IDENTIFICADOR DE NÚMERO DE CONTROL
campo de control ES-MaACL
005 - FECHA Y HORA DE LA ÚLTIMA TRANSACCIÓN
campo de control 20250831063045.0
008 - DATOS DE LONGITUD FIJA--INFORMACIÓN GENERAL
campo de control de longitud fija 250517b2025 sp ||||| |||| 00| 0 spa d
017 ## - NÚMERO DE COPYRIGHT O DE DEPÓSITO LEGAL
Número de copyright o de depósito legal MU 182-2025
Agencia que asigna Oficina Depósito Legal Murcia
040 ## - FUENTE DE CATALOGACIÓN
Lengua de catalogación spa
Centro/agencia transcriptor ES-MaACL
100 1# - ENTRADA PRINCIPAL--NOMBRE DE PERSONA
Nombre de persona Cegarra Salcedo, María
9 (RLIN) 241223
Término indicativo de función/relación Autor
245 ## - MENCIÓN DEL TÍTULO
Título Cristales míos :
Resto del título edición homenaje 90 aniversario /
Mención de responsabilidad, etc. María Cegarra Salcedo ; introducción de Ernesto Giménez Caballero ; ilustraciones de Virginia Bernal.
250 ## - MENCION DE EDICION
Mención de edición Primera edición: La Unión, abril 2025
260 ## - PUBLICACIÓN, DISTRIBUCIÓN, ETC.
Lugar de publicación, distribución, etc. Cartagena :
Nombre del editor, distribuidor, etc. La Unión,
Fecha de publicación, distribución, etc. 2025.
300 ## - DESCRIPCIÓN FÍSICA
Extensión 132 páginas ;
Dimensiones 21 cm.
336 ## - TIPO DE CONTENIDO
Fuente rdacontent
Término de tipo de contenido texto
337 ## - TIPO DE MEDIO
Fuente rdamedia
Nombre/término del tipo de medio sin mediación
338 ## - TIPO DE SOPORTE
Fuente rdacarrier
Nombre/término del tipo de soporte volumen
500 ## - NOTA GENERAL
Nota general Primera edición no venal de 500 ejemplares.
655 #7 - TERMINO DE INDIZACIÓN--GENERO/FORMA
Fuente del término tgfbne
9 (RLIN) 176539
Datos o término principal de género/forma Poesías
700 1# - ENTRADA AGREGADA--NOMBRE PERSONAL
9 (RLIN) 57038
Nombre de persona Giménez Caballero, Ernesto,
Fechas asociadas al nombre 1899-1988
Término indicativo de función/relación Autor de introducción
700 1# - ENTRADA AGREGADA--NOMBRE PERSONAL
9 (RLIN) 175695
Nombre de persona Bernal, Virginia,
Fechas asociadas al nombre 1970-
Término indicativo de función/relación Ilustrador
700 ## - ENTRADA AGREGADA--NOMBRE PERSONAL
Nombre de persona Vázquez, María José
Término indicativo de función/relación Editor
9 (RLIN) 242147
700 1# - ENTRADA AGREGADA--NOMBRE PERSONAL
9 (RLIN) 234260
Nombre de persona Iglesia, Francisco de la
Término indicativo de función/relación Editor
852 ## - LOCALIZACIÓN
Ubicación ES-MaACL
Ubicación en estantería Depósito J
Número de control de estantería N-10591
Anotaciones manuscritas Dedicatoria autógrafa de los editores
Donativo/Legado Donación: María José Vázquez; Francisco de la Iglesia
Encuadernación Encuadernación rústica con solapas
itemnumber 206714
903 ## - NOMBRE PERSONAL DE DONANTE
a Vázquez, María José
e Donante
903 ## - NOMBRE PERSONAL DE DONANTE
9 234260
a Iglesia, Francisco de la
e Donante
942 ## - ELEMENTOS DE ENTRADA SECUNDARIOS (KOHA)
Tipo de ítem Koha Libro impreso
Suprimir en OPAC No
Holdings
Estatus retirado Estado de pérdida Fuente del sistema de clasificación o colocación Estado de daño No para préstamo Colección Biblioteca de origen Biblioteca actual Ubicación en estantería Fecha de adquisición Fuente de adquisición Total de préstamos Signatura topográfica completa Código de barras Visto por última vez Precio de reemplazo Tipo de ítem Koha
    Clasificación decimal universal     Libros con dedicatorias Biblioteca del Ateneo de Madrid Biblioteca del Ateneo de Madrid Depósito J 29/08/2025 Donación   N-10591 2025-1090 29/08/2025 29/08/2025 Libro impreso